| 000 | 01723nam0a22003371 4500 | ||
|---|---|---|---|
| 001 | rc\2289285 | ||
| 005 | 20250623043542.0 | ||
| 035 | _a(NLR Aleph) 006565418 | ||
| 090 |
_a6888327 _c6888327 |
||
| 100 | _a20110829d1979 |||y0rusy50 ca | ||
| 101 | 1 |
_arus _cpro |
|
| 102 | _aRU | ||
| 105 | _aag z ||||| | ||
| 200 | 1 |
_aПесни _fБернарт де Вентадорн _gИзд. подгот., [пер. со старопровансал. и статью, с. 191-233, написала] В.А. Дынник _g[Примеч. А.Д. Михайлова и др.] |
|
| 210 |
_aМосква _cНаука _d1979 |
||
| 215 |
_a311 с., 3 л. ил. _cнот. _d17 |
||
| 225 | 1 | _aЛитературные памятники | |
| 300 | _aВ надзаг.: АН СССР | ||
| 327 | 0 | _aВ кн. также: Жизнь Бернарта де Вентадорна: Из средневековых рукописей; Песни провансальских трубадуров XI-XIII вв. | |
| 464 | 0 |
_12001#$aЖизнь Бернарта де Вентадорна$eИз средневековых рукописей$aПесни провансальских трубадуров XI-XIII вв. _tПесни провансальских трубадуров XI-XIII вв. |
|
| 700 | 0 |
_7ca _8rus _aБернарт де Вентадорн _fок.1140-1200 _9151334 _3RU\NLR\AUTH\770151372 |
|
| 702 | 1 |
_aМихайлов _bА.Д. _4212 |
|
| 702 | 1 |
_aДынник _bВ.А. _gВалентина Александровна _4730 _4080 |
|
| 801 | 0 |
_aRU _bNLR _gpsbo |
|
| 801 | 1 |
_aRU _bELAR _2rusmarc |
|
| 852 |
_aNLR _j80-2/965 |
||
| 899 |
_aRuMoRGB _jВ 79-14/283 |
||
| 899 |
_aRuMoRGB _jВ 79-14/284 |
||
| 942 | _cBOOK | ||
| 980 | _aNB | ||